000 00961nam a22003017a 4500
003 CHAP
005 20220329140030.0
008 971013s1987 r 00010 d
010 _a45927
011 _a46899
035 _a51040
040 _cCHAP
082 _a575.1
_bB36Y
100 0 0 _aBains, William.
_99471
245 _aIngeniería genética para todos
260 _aMadrid :
_bAlianza Editorial,
_c1987
300 _a309 p.
490 _aEl libro de bolsillo. Sección Ciencia y Técnica
590 _aBATCH-UPD
_b10
_c20130110
_lUCH01
_h1956
590 _aBATCH-UPD
_b10
_c20130410
_lUCH01
_h1317
590 _aBATCH-UPD
_b10
_c20130914
_lUCH01
_h1641
590 _aCONVERSION
_b10
_c20130109
_lUCH01
_h1325
650 1 4 _aIngeniería genética.
_958228
830 0 _aEl libro de bolsillo. Sección Ciencia y Técnica
_936131
901 _aBK
942 _cLIBRO
949 _a575.1 B36Y
_bBC
_cLIBRO
_d33724000010401
_eLIBRO
_gI.c/e
_h89538
_i51040
_si
_t65.00
999 _c45927
_d45927